<?xml version="1.0" encoding="UTF-8"?>
<marc:record xmlns:marc="http://www.loc.gov/MARC21/slim">
   <marc:leader>00000nam a2200000 a 4500</marc:leader>
   <marc:datafield ind1="1" ind2=" " tag="100">
      <marc:subfield code="a">Aduviri, Juan Carlos</marc:subfield>
   </marc:datafield>
   <marc:datafield ind1="1" ind2=" " tag="100">
      <marc:subfield code="a">Bernal, Gael García</marc:subfield>
   </marc:datafield>
   <marc:datafield ind1="1" ind2=" " tag="100">
      <marc:subfield code="a">Tosar, Luis</marc:subfield>
   </marc:datafield>
   <marc:datafield ind1="1" ind2=" " tag="100">
      <marc:subfield code="a">Bollaín, Icíar</marc:subfield>
   </marc:datafield>
   <marc:datafield ind1="0" ind2="0" tag="245">
      <marc:subfield code="a">Und dann der Regen [Bildtonträger]</marc:subfield>
   </marc:datafield>
   <marc:datafield ind1="0" ind2="0" tag="245">
      <marc:subfield code="c">ein Film von Icíar Bollaín. Mit Luis Tosar, Gael García Bernal, Juan Carlos Aduviri ...</marc:subfield>
   </marc:datafield>
   <marc:datafield ind1=" " ind2="1" tag="264">
      <marc:subfield code="b">Indigo</marc:subfield>
      <marc:subfield code="c">2015</marc:subfield>
   </marc:datafield>
   <marc:datafield ind1="1" ind2=" " tag="520">
      <marc:subfield code="a">Der junge spanische Regisseur Sebastián will den großen, wahrhaftigen Film über Kolumbus drehen: nicht den heroischen Entdecker zeigen, sondern die brutale Eroberung eines Kontinents. Weil das Budget äußerst knapp ist, hat Sebastiáns Produzent Costa das bolivianische Cochabamba als Drehort ausgewählt. Die Produktionskosten sind äußerst günstig, sogar die Gagen der indianischen Statisten für die spektakulären Massenszenen kann man sich hier leisten. Die Dreharbeiten laufen ausgezeichnet, bis in Cochabamba soziale Unruhen ausbrechen. Die Wasserversorgung der Region wurde an einen internationalen Konzern verkauft, der nach rigorosen Preiserhöhungen nun sogar das Auffangen von Regenwasser untersagt hat. Die Proteste der lokalen Bevölkerung eskalieren zum offenen Aufstand. Die spanische Filmcrew um Sebastián und Costa kann den aktuellen Konflikten nicht ausweichen: Ausgerechnet ihr indianischer Hauptdarsteller Daniel ist einer der Anführer des Wasseraufstands.</marc:subfield>
   </marc:datafield>
   <marc:datafield ind1=" " ind2=" " tag="020">
      <marc:subfield code="a">4047179673181</marc:subfield>
      <marc:subfield code="9">4047179673181</marc:subfield>
   </marc:datafield>
   <marc:datafield ind1=" " ind2=" " tag="500">
      <marc:subfield code="a">Orig. : Mexiko/Spanien/Frankreich 2010.</marc:subfield>
   </marc:datafield>
   <marc:datafield ind1="0" ind2=" " tag="490">
      <marc:subfield code="v">0</marc:subfield>
   </marc:datafield>
   <marc:datafield ind1=" " ind2=" " tag="300">
      <marc:subfield code="a">1 DVD (99 Min.) : farbig</marc:subfield>
   </marc:datafield>
</marc:record>
